Refrigeration at sea / (Record no. 3989)

000 -LEADER
fixed length control field 00423nam a2200157 4500
008 - FIXED-LENGTH DATA ELEMENTS--GENERAL INFORMATION
fixed length control field 200709b ||||| |||| 00| 0 eng d
020 ## - INTERNATIONAL STANDARD BOOK NUMBER
International Standard Book Number 0853347662
082 00 - DEWEY DECIMAL CLASSIFICATION NUMBER
Classification number 623.8535
Item number M9714
100 ## - MAIN ENTRY--PERSONAL NAME
9 (RLIN) 890
Personal name Munton, R.
245 10 - TITLE STATEMENT
Title Refrigeration at sea /
250 ## - EDITION STATEMENT
Edition statement 2nd ed.
260 ## - PUBLICATION, DISTRIBUTION, ETC. (IMPRINT)
Place of publication, distribution, etc London
Name of publisher, distributor, etc Applied science
Date of publication, distribution, etc 1978
300 ## - PHYSICAL DESCRIPTION
Extent x, 238 p.
650 #0 - SUBJECT ADDED ENTRY--TOPICAL TERM
Topical term or geographic name as entry element Marine Refrigeration
942 ## - ADDED ENTRY ELEMENTS (KOHA)
Source of classification or shelving scheme
Item type Books
Holdings
Withdrawn status Lost status Source of classification or shelving scheme Damaged status Not for loan Permanent location Current location Date acquired Total Checkouts Full call number Barcode Date last seen Date last borrowed Koha item type
          IMU Kolkata IMU Kolkata 2020-07-09 1 623.8535 M9714 07227 2025-02-18 2025-01-10 Books
Designed and Maintained by IMU-KC Library, Kolkata Campus © Copyright All Rights Reserved

webs counters

Powered by Koha